| 000 | 01219nam a2200397Ia 4500 | ||
|---|---|---|---|
| 001 | Z_6526 | ||
| 003 | CHAP | ||
| 008 | 220113s9999 xx 000 0 und d | ||
| 010 | _a169793 | ||
| 020 | _a978-84-282-0813-0 | ||
| 040 | _cCHAP | ||
| 082 | _a636.507 G73 | ||
| 100 |
_aGraham, Chris _9145069 |
||
| 240 | _aChoosing and keeping chickens | ||
| 245 |
_aElección y cría de pollos y gallinas / _cChris Graham; traducción Núria Fernández |
||
| 260 |
_aEspaña : _bOmega, _c |
||
| 300 | _a207 p. | ||
| 500 | _aTraducción de: Choosing and keeping chickens | ||
| 503 | _aej.1: consumo (no tiene sellos) | ||
| 504 | _aInlcuye índice | ||
| 650 |
_aAves de corral _98636 |
||
| 650 |
_aAves de corral _x _x Construcciones _9144846 |
||
| 650 |
_aAves de corral _x _x Cruzas _9145070 |
||
| 650 |
_aAves de corral _x _x Mejoramiento _9145071 |
||
| 650 |
_aPollos _x _x Alimentación _9142649 |
||
| 650 |
_aPollos _x _x Anatomía y fisiología _9145072 |
||
| 650 |
_aPollos _x _x Cría _9145073 |
||
| 650 |
_aPollos _x _x Enfermedades _9145074 |
||
| 700 |
_aFernández, Núria, tr. _9145075 |
||
| 901 | _a636.507 G73 | ||
| 902 | _aM | ||
| 910 | _a | ||
| 942 | _c1 | ||
| 942 | _cc1 | ||
| 999 |
_c169793 _d169793 |
||